लपटें / (Record no. 113400)

MARC details
000 -LEADER
fixed length control field 01112nam a22002777a 4500
003 - CONTROL NUMBER IDENTIFIER
control field dpl
005 - DATE AND TIME OF LATEST TRANSACTION
control field 20181103141015.0
008 - FIXED-LENGTH DATA ELEMENTS--GENERAL INFORMATION
fixed length control field 181103b ||||| |||| 00| 0 eng d
010 ## - LIBRARY OF CONGRESS CONTROL NUMBER
LC control number B-069021
020 ## - INTERNATIONAL STANDARD BOOK NUMBER
Terms of availability 90.00
International Standard Book Number 8126307668
035 ## - SYSTEM CONTROL NUMBER
System control number B-069021, B-069025
037 ## - SOURCE OF ACQUISITION
Source of stock number/acquisition Cen Lib/Ret
040 ## - CATALOGING SOURCE
Original cataloging agency DPL
Language of cataloging HN
Transcribing agency 0
082 ## - DEWEY DECIMAL CLASSIFICATION NUMBER
Classification number
Item number मृदुगल
100 ## - MAIN ENTRY--PERSONAL NAME
Personal name मृदुगल, चित्रा
9 (RLIN) 52073
245 ## - TITLE STATEMENT
Title लपटें /
Statement of responsibility, etc चित्रा म्रिदुगुल
246 ## - VARYING FORM OF TITLE
Title proper/short title Laptein /
Remainder of title by Chitra Mridgal
260 ## - PUBLICATION, DISTRIBUTION, ETC. (IMPRINT)
Place of publication, distribution, etc नयी दिल्ली
Name of publisher, distributor, etc भारतीय ज्ञानपीठ
Date of publication, distribution, etc 2002
270 ## - ADDRESS
Address 18, इस्न्तितुशानल एरिया, लोदी रोड
City नयी दिल्ली
Postal code 110003
300 ## - PHYSICAL DESCRIPTION
Extent vii,110पृ.
Dimensions 20सेमी(सजिल्द )
650 ## - SUBJECT ADDED ENTRY--TOPICAL TERM
Topical term or geographic name as entry element हिंदी साहित्य
General subdivision
Geographic subdivision
9 (RLIN) 52074
650 ## - SUBJECT ADDED ENTRY--TOPICAL TERM
Topical term or geographic name as entry element हिंदी कहानियां
9 (RLIN) 2082
650 ## - SUBJECT ADDED ENTRY--TOPICAL TERM
Topical term or geographic name as entry element Hindi literature
Form subdivision
9 (RLIN) 52075
650 ## - SUBJECT ADDED ENTRY--TOPICAL TERM
Topical term or geographic name as entry element Hindi stories
9 (RLIN) 52076
942 ## - ADDED ENTRY ELEMENTS (KOHA)
Source of classification or shelving scheme Dewey Decimal Classification
Koha item type Hindi Books
Classification part
Call number suffix मृदुगल
Holdings
Withdrawn status Lost status Damaged status Not for loan Home library Current library Date acquired Source of acquisition Cost, normal purchase price Total Checkouts Full call number Barcode Date last seen Date checked out Copy number Cost, replacement price Price effective from Koha item type Source of classification or shelving scheme Collection code
        Central Library Central Library 12/08/2015 Cen Lib/Ret 90.00 1 क मृदुगल B-069021 01/12/2022 15/11/2022 1 90.00 12/08/2015 Hindi Books    
        Shahdara Branch Shahdara Branch 03/11/2018 BPPD/PUB 90.00   क मृदुगल B-069025 03/11/2018     90.00 03/11/2018 Hindi Books Dewey Decimal Classification Fiction

© Delhi Public Library
Hit Counter
free hit counter